Countries That End in -A - Statistics

General Stats
  • This quiz has been taken 7,200 times
    7,143 since last reset
  • The average score is 56 of 74
Answer Stats
Continent Country % Correct
Oceania Australia
91%
Europe Albania
90%
Europe Austria
89%
Europe Russia
89%
North America Canada
87%
Europe Andorra
86%
South America Argentina
86%
Asia China
86%
Asia India
86%
Europe Latvia
86%
Europe Lithuania
86%
Europe Bulgaria
84%
Europe Estonia
84%
Europe Slovakia
84%
Europe Slovenia
84%
Africa Algeria
83%
Europe Romania
83%
Europe Croatia
82%
Asia Indonesia
82%
Europe Serbia
82%
South America Bolivia
80%
South America Colombia
80%
Asia Armenia
79%
Europe Bosnia and Herzegovina
79%
North America Cuba
79%
North America Panama
78%
Asia South Korea
78%
South America Venezuela
78%
Africa Zambia
78%
Africa Angola
77%
North America Jamaica
77%
Europe Malta
77%
Asia North Korea
77%
Africa Libya
76%
Asia Malaysia
76%
Africa South Africa
76%
North America Costa Rica
75%
Africa Ethiopia
75%
South America Guyana
75%
Africa Kenya
75%
Africa Namibia
75%
Africa Somalia
75%
North America United States of America
75%
Africa Guinea
74%
Europe Moldova
74%
Africa Nigeria
74%
North America Dominica
73%
Africa Ghana
73%
Europe Macedonia
73%
Asia Mongolia
73%
North America Nicaragua
73%
Asia Saudi Arabia
73%
Africa Tanzania
73%
Asia Cambodia
72%
North America Guatemala
72%
Africa Uganda
72%
Asia Georgia
71%
Africa Liberia
71%
North America Antigua and Barbuda
70%
Africa Gambia
70%
Africa Rwanda
70%
Africa Tunisia
70%
Africa Eritrea
69%
Oceania Samoa
69%
Asia Syria
69%
Oceania Tonga
69%
Africa Botswana
67%
Africa Mauritania
66%
North America Grenada
65%
North America St Lucia
65%
Oceania Federated States of Micronesia
63%
Asia Sri Lanka
63%
Oceania Papua New Guinea
60%
Africa Equatorial Guinea
59%
No matching quizzes found
Score Distribution
Percent of People with Each Score
Percentile by Number Answered
Your Score History
You have not taken this quiz since the last reset